| 000 | 00488nam a22001217a 4500 | ||
|---|---|---|---|
| 005 | 20260629131313.0 | ||
| 100 |
_aAyaz Ali Gillal _a21-19-MCCN-02 _aSupervisor - Dr. Ali Raza Bhangwar _91031 |
||
| 245 | _aAnalyzing the Impact of Interference on Routing Protocols in Wireless Body Area Networks WBANS and Implementing Effective Countermeasures (Thesis MS) | ||
| 260 |
_aNawabshah _bQUEST _c2024 |
||
| 300 | _a81p. | ||
| 700 |
_aDepartment of Computer System Engineering _91032 |
||
| 942 | _cTHESIS | ||
| 999 |
_c69089 _d69086 |
||